000 00368nam a2200157Ia 4500
003 LK-CoDNM
008 010623t xxu||||| |||| 00| 1 eng d
040 _aLK-CoDNM
_dLK-CoDNM
_eLK-CoDNM
041 _aeng
080 _a910 JAN
100 _aGalappaththi, Janaki
245 _aOur Living World
260 _bBritish Council
300 _b67p,ill, 21 cm
942 _cBK
999 _c135218
_d135218